000 00610nam a2200205Ia 4500
005 20250508164549.0
008 008 250505s9999 xx 000 0 eng d
037 _aTextual
040 _aFEDL
_beng
_cFEDL
041 _aeng
_2eng
084 _a371.334, NCE
_qFEDL
245 0 _aStudy guide for class: Computer literacy and studies in schools
245 0 _cNCERT
260 _aNew Delhi, India
_bNational Council of Educational Research and Training
_c1985
300 _a39p.
365 _aINR
_b8
546 _aMACESE book
942 _cTEXL
_h371.334, NCE
999 _c1389826
_d1389826